Kam sme sa posunuli po novelizácii ochranných opatrení?

Cieľom nasledujúcich riadkov bude vyhodnotenie, či právna úprava ochranných opatrení po rozsiahlej novelizácii trestných kódexov je de lege lata dostatočná, resp. či novelizáciou došlo k odstráneniu nedostatkov, s ktorými sa tieto hmotnoprávne inštitúty stretávali v minulosti. V neposlednom rade bud...

Ausführliche Beschreibung

Gespeichert in:
Bibliographische Detailangaben
1. Verfasser: Vrtíková, Karin
Format: Buchkapitel
Sprache:Slowakisch
Schlagworte:
Tags: Tag hinzufügen
Keine Tags, Fügen Sie das erste Tag hinzu!

MARC

LEADER 00000naa a2200000 4500
001 0313088
005 20251106131434.1
041 0 |a slo 
044 |a SK 
245 1 0 |a Kam sme sa posunuli po novelizácii ochranných opatrení?  |c Karin Vrtíková 
520 |a Cieľom nasledujúcich riadkov bude vyhodnotenie, či právna úprava ochranných opatrení po rozsiahlej novelizácii trestných kódexov je de lege lata dostatočná, resp. či novelizáciou došlo k odstráneniu nedostatkov, s ktorými sa tieto hmotnoprávne inštitúty stretávali v minulosti. V neposlednom rade bude autorkou predstavená právna úprava uvedených ochranných opatrení u našich západných susedov, pričom touto dôkladnou analýzou bude poskytnutý komparatívny pohľad do zahraničia, ktorý bude prínosom pre právny poriadok našej republiky. 
610 2 0 |a činy trestné 
610 2 0 |a právo trestné 
610 2 0 |a výkon trestu odňatia slobody 
610 2 0 |a novelizácia 
610 2 0 |a choroby duševné 
610 2 0 |a detencia 
100 1 |a Vrtíková, Karin